000 00764cam a2200265 i 4500
001 768714001
003 CO-MdBIC
005 20231124144611.0
008 231124t1954 -us||||| |||| 00| 0 eng d
020 _a0-8024-6471-8
040 _bspa.
_aCO-MdFUSB
_cCO-MdFUSB
_dCO-MdFUSBC
_erda
041 _aeng
082 0 4 _aG 231.3 P1162q
100 1 _aPache, René
245 1 0 _aThe person and work of the Holy Spirit / René Pache ; J. D. Emerson, Traductor
_c/
264 1 _aChicago, USA : Moody
_bMoody Press,
_c[1954]
264 4 _c©1954
300 _a223 Pag
_c;
336 _atexto
_btxt
_2rdacontent
337 _2rdamedia
_asin mediación
_bn
338 _2rdacarrier
_avolumen
_bnc
650 1 0 _aEspíritu Santo
_950
942 _cBK
945 _aJOhan1477
999 _c34084
_d34084